[Event "11open de NOEL "]
[Site "Charleville 08 Ardennes"]
[Date "????.??.??"]
[Round "2.13"]
[White "Hurreau, Jean Francois"]
[Black "Roule, Nicolas"]
[Result "0-1"]
[WhiteElo "1437"]
[BlackElo "1628"]
[PlyCount "130"]

1. e4 c6 2. d4 d5 3. Nc3 dxe4 4. Nxe4 Bf5 5. f3 e6 6. Ne2 Nf6 7. Bg5 Be7 8.
Nxf6+ Bxf6 9. Bxf6 Qxf6 10. Ng3 Bg6 11. c3 O-O 12. Bd3 Rd8 13. Ne4 Qh4+ 14. g3
Qe7 15. O-O Nd7 16. Qc2 c5 17. Rad1 cxd4 18. cxd4 Rac8 19. Qf2 Nb6 20. Nc5 Bxd3
21. Nxd3 Nd5 22. a3 Rd6 23. Rd2 Rdc6 24. Re1 Qc7 25. Kg2 Rc2 26. Rxc2 Qxc2 27.
Rc1 Qxf2+ (27... Ne3+) 28. Kxf2 Rd8 29. b4 Kf8 30. g4 Ke7 31. f4 b6 32. Ne5 Ke8
33. Kf3 f6 34. Nd3 Kd7 35. f5 exf5 36. gxf5 Re8 37. Re1 Rc8 38. Rc1 Rxc1 39.
Nxc1 g6 40. fxg6 hxg6 41. Nd3 Kd6 42. b5 Nc3 43. Nf4 g5 44. Nh5 Ke7 45. Kg4
Nxb5 46. Kf5 Nxd4+ 47. Kg6 Nb5 48. Nxf6 Nxa3 49. Kxg5 b5 50. h4 Nc4 51. h5 Nd6
52. Nd5+ Kf8 53. h6 Nf7+ 54. Kg6 a5 55. Nc3 b4 56. Na4 b3 57. Nb2 (57. h7 Nh8+
58. Kf6 Nf7 59. Kg6 Nh8+ 60. Kf6 Nf7 61. Kg6 {et nul !}) 57... Ke7 58. Na4 Nxh6
59. Kxh6 Kd6 60. Kg5 Kc6 61. Kf4 Kb5 62. Nb2 a4 63. Nd3 a3 64. Nc1 b2 65. Na2
Kc4 0-1

[Event "11open de NOEL "]
[Site "Charleville 08 Ardennes"]
[Date "????.??.??"]
[Round "2.14"]
[White "Regnier, Cedric"]
[Black "Pierquin, Adrien"]
[Result "1-0"]
[WhiteElo "1596"]
[BlackElo "1401"]
[PlyCount "67"]

1. d4 Nf6 2. Nf3 e6 3. e3 b6 4. Bd3 c5 5. b3 d5 6. Bb2 Bd6 7. Nbd2 O-O 8. O-O
Qc7 9. Ne5 Nbd7 10. f4 cxd4 11. exd4 Ne8 12. Qh5 g6 13. Qh3 Ng7 14. Rac1 f6 15.
Nxg6 Rd8 16. Nh4 Bxf4 17. Nhf3 f5 18. c4 Qb8 19. Qh4 Bb7 20. g3 Bxd2 21. Nxd2
Qd6 22. Nf3 dxc4 23. Bxc4 Bxf3 24. Rxf3 Kh8 25. Qh6 Nf8 26. Re1 e5 27. Qxd6
Rxd6 28. Rxe5 Ng6 29. Re1 Ne6 30. d5+ Kg8 31. Rxe6 Rdd8 32. Rxf5 Nf8 33. Re7 (
33. Rg6+ hxg6 34. d6+ Kh7 35. Rf7+ Kh6 36. Bg7+ Kh7 37. Bxf8+ {
pour faire durer le plaisir : mat en 8 !}) 33... Rd7 34. d6+ 1-0

[Event "11open de NOEL "]
[Site "Charleville 08 Ardennes"]
[Date "????.??.??"]
[Round "2.15"]
[White "Sogny, Richard"]
[Black "Pierquin, Jean-Bernard"]
[Result "1-0"]
[WhiteElo "1560"]
[BlackElo "1399"]
[PlyCount "65"]

1. d4 Nf6 2. Nf3 c5 3. Nc3 cxd4 4. Nxd4 d5 5. e3 Nc6 6. Bb5 Bd7 7. O-O e5 8.
Nde2 a6 9. Ba4 Be6 10. h3 g6 11. f4 Bd6 12. fxe5 Bxe5 13. Nd4 Bxd4 14. Qxd4 b5
15. Bxb5 axb5 16. Qxf6 Qxf6 17. Rxf6 Ke7 18. Rf2 Rab8 19. e4 d4 20. Bg5+ Kd7
21. Rd1 Kc8 22. Nd5 Rb7 23. Bf6 Re8 24. Bxd4 Rd7 25. Nb6+ Kc7 26. Nxd7 Bxd7 27.
Rxf7 Rxe4 28. Bc5 Ne5 29. Bd6+ Kc6 30. Bxe5 Be8 31. Rd6+ Kc5 32. Rc7+ Kb4 33.
a3+ 1-0

[Event "11open de NOEL "]
[Site "Charleville 08 Ardennes"]
[Date "????.??.??"]
[Round "5.1"]
[White "Wallart, Adrien"]
[Black "Roos, Louis"]
[Result "0-1"]
[WhiteElo "2278"]
[BlackElo "2338"]
[PlyCount "72"]

1. c4 e5 2. Nc3 Nc6 3. Nf3 Bb4 4. Nd5 Bd6 5. d3 Nce7 6. Nc3 Ng6 7. g3 c6 8. Bg2
h5 9. h4 Nh6 10. Bxh6 Rxh6 11. a3 Qe7 12. Ng5 Bc7 13. Qa4 Kf8 14. b4 Kg8 15.
Rb1 f6 16. Nh3 Nf8 17. Ng1 Ne6 18. e3 f5 19. Rc1 d6 20. Qc2 Bd7 21. Nge2 Rf8
22. Nd5 cxd5 23. cxd5 Bb6 24. dxe6 Bxe6 25. Qd2 Kh8 26. d4 a6 27. Qb2 f4 28.
Bf1 fxe3 29. fxe3 exd4 30. exd4 Bg4 31. Rc2 Re6 (31... Rhf6) 32. Rh2 Qf6 33.
Kd2 Qxf1 34. Nf4 Rxf4 35. gxf4 Qxf4+ 36. Kd3 Re3+ 0-1

[Event "11open de NOEL "]
[Site "Charleville 08 Ardennes"]
[Date "????.??.??"]
[Round "5.2"]
[White "Bernard, Jacques"]
[Black "Dgebuadze, Alexandre"]
[Result "1/2-1/2"]
[WhiteElo "2204"]
[BlackElo "2474"]
[PlyCount "20"]

1. e4 e6 2. d4 d5 3. Nc3 Bb4 4. Nge2 Nc6 5. a3 Ba5 6. b4 Bb6 7. Be3 Nf6 8. e5
Ng4 9. Nf4 Ngxe5 10. dxe5 {illisible} d4 1/2-1/2

[Event "11open de NOEL "]
[Site "Charleville 08 Ardennes"]
[Date "????.??.??"]
[Round "5.3"]
[White "Serafimov, Tervel"]
[Black "Pytel, Bozena"]
[Result "1-0"]
[WhiteElo "2407"]
[BlackElo "1929"]
[PlyCount "99"]

1. Nf3 f5 2. g3 Nf6 3. Bg2 g6 4. O-O Bg7 5. d3 d6 6. c3 e5 7. a4 c6 8. a5 Qc7
9. Qb3 Na6 10. Nbd2 d5 11. Qa3 Bf8 12. Qa2 Nc5 13. d4 exd4 14. Nxd4 Nce4 15.
Nxe4 Nxe4 16. c4 Bg7 17. Be3 dxc4 18. Qxc4 Qf7 19. Qc2 O-O 20. a6 Rb8 21. Bf4
Ra8 22. Rad1 bxa6 23. Nxc6 Bb7 24. Ne5 Bxe5 25. Bxe5 Qe6 26. Qc7 Rf7 27. Rd8+
Rxd8 28. Qxd8+ Rf8 29. Qc7 Qf7 30. Rd1 Qxc7 31. Bxc7 Bc6 32. Bf3 Rc8 33. Rd8+
Rxd8 34. Bxd8 Bb5 35. Bc7 Kf7 36. e3 Ke6 37. g4 Nd2 38. Bd1 fxg4 39. Bxg4+ Kd5
40. Bb8 Ke4 41. Bxa7 Nf3+ 42. Kg2 Ne1+ 43. Kg3 h5 44. Bd1 Nd3 45. f3+ Ke5 46.
Bd4+ Kf5 47. h4 g5 48. Bb3 Nc1 49. Bf7 g4 50. e4# 1-0

[Event "11open de NOEL "]
[Site "Charleville 08 Ardennes"]
[Date "????.??.??"]
[Round "5.4"]
[White "Pytel, Krzysztof"]
[Black "Serafimov, Dimitar"]
[Result "1/2-1/2"]
[WhiteElo "2311"]
[BlackElo "2258"]
[PlyCount "73"]

1. Nf3 d5 2. g3 Nf6 3. Bg2 Bf5 4. d3 e6 5. O-O Be7 6. c4 O-O 7. cxd5 exd5 8.
Qb3 b6 9. Nc3 c6 10. Bf4 Nbd7 11. Nd4 Nc5 12. Qc2 Bd7 13. e4 Rc8 14. Rfe1 Re8
15. h3 Nh5 16. Be3 Bf6 17. exd5 cxd5 18. Qd2 Ne6 19. Nxe6 Bxe6 20. d4 g6 21. g4
Ng7 22. Bf4 a6 23. Be5 Bg5 24. Bf4 Bf6 25. Rac1 h5 26. Nxd5 Bxd5 27. Rxe8+ Qxe8
28. Rxc8 Qxc8 29. Bxd5 hxg4 30. hxg4 Qxg4+ 31. Kf1 Nf5 32. Be5 Kg7 33. Qe2
Qxe2+ 34. Kxe2 Nxd4+ 35. Bxd4 Bxd4 36. Bb7 a5 37. b3 1/2-1/2

[Event "11open de NOEL "]
[Site "Charleville 08 Ardennes"]
[Date "????.??.??"]
[Round "5.5"]
[White "Halfaoui, Eddine"]
[Black "Rouffignac, Tanguy"]
[Result "1/2-1/2"]
[WhiteElo "1935"]
[BlackElo "2265"]
[PlyCount "86"]

1. d4 Nf6 2. Nf3 g6 3. Bf4 Bg7 4. e3 O-O 5. Be2 d6 6. h3 c5 7. c3 cxd4 8. exd4
Qb6 9. Qb3 Be6 10. Qxb6 axb6 11. a3 Nc6 12. O-O Na5 13. Nbd2 Rfc8 14. Rfe1 Kf8
15. Bd3 Rc7 16. Re2 Nh5 17. Be3 f5 18. Bg5 Bf7 19. g4 fxg4 20. hxg4 Nf6 21.
Bxf6 exf6 22. Rae1 Re8 23. Rxe8+ Bxe8 24. Re6 d5 25. Rxb6 Ke7 26. Bb5 Nc6 27.
Nb3 Bh6 28. Ne1 Bd7 29. f3 Be3+ 30. Kg2 h5 31. gxh5 gxh5 32. Nd3 h4 33. Nbc5
Bc8 34. Bxc6 bxc6 35. Na6 Ra7 36. Nab4 Ke8 37. Rxc6 Rg7+ 38. Kh2 Bd7 39. Rb6 h3
40. Rb8+ Kf7 41. Rb7 Rg2+ 42. Kh1 Rg1+ 43. Kh2 Rg2+ 1/2-1/2

[Event "11open de NOEL "]
[Site "Charleville 08 Ardennes"]
[Date "????.??.??"]
[Round "5.6"]
[White "Marini, Franck"]
[Black "Schweitzer, Viktoriya"]
[Result "0-1"]
[WhiteElo "1587"]
[BlackElo "2139"]
[PlyCount "74"]

1. d4 d6 2. c4 f5 3. g3 Nf6 4. Bg2 g6 5. Nf3 Bg7 6. O-O O-O 7. Nc3 c6 8. Re1
Ne4 9. Nxe4 fxe4 10. Ng5 d5 11. cxd5 cxd5 12. Nh3 Nc6 13. e3 e6 14. Bd2 Bd7 15.
Bc3 Qb6 16. Nf4 Rad8 17. Bh3 Ne7 18. Qd2 Rde8 19. Ba5 Qa6 20. Bf1 Qd6 21. Bb4
Qb8 22. Bh3 Rf6 23. Rec1 Bh6 24. Bxe7 Rxe7 25. Qc3 Bc6 26. Qc5 Bf8 27. Qc2 Qe8
28. Qe2 Ref7 29. Rf1 Bb5 30. Qg4 Bxf1 31. Rxf1 Kh8 32. Nxe6 h5 33. Qg5 Rxe6 34.
Bxe6 Qxe6 35. Qd8 Kg7 36. Qa5 b6 37. Qb5 h4 0-1

[Event "11open de NOEL "]
[Site "Charleville 08 Ardennes"]
[Date "????.??.??"]
[Round "5.7"]
[White "Schweitzer, Marc"]
[Black "Fauchart, Francois"]
[Result "1-0"]
[WhiteElo "1880"]
[BlackElo "1693"]
[PlyCount "105"]

1. d4 d5 2. c4 c6 3. Nc3 Nf6 4. Nf3 Bf5 5. Qb3 Qb6 6. Qxb6 axb6 7. cxd5 Nxd5 8.
Nxd5 cxd5 9. e3 Bd7 10. Ne5 e6 11. Nxd7 Bb4+ 12. Bd2 Bxd2+ 13. Kxd2 Nxd7 14.
Bb5 Ke7 15. Rhc1 Rhc8 16. Rc3 Nf6 17. f3 Kd8 18. a4 g5 19. g4 Ng8 20. Rh1 h6
21. h4 Rxc3 22. bxc3 Ke7 23. hxg5 hxg5 24. Rh8 Kf6 25. Kd3 Kg7 26. Rh1 Nf6 27.
Kc2 Rh8 28. Rxh8 Kxh8 29. Kb3 Kg7 30. Kb4 Kf8 31. a5 bxa5+ 32. Kxa5 Ke7 33. Kb6
Kd6 34. Kxb7 Nh7 35. Bd3 Nf8 36. e4 e5 37. dxe5+ Kxe5 38. Kc6 dxe4 39. Bxe4 f6
40. Bf5 Ne6 41. Bxe6 Kxe6 42. c4 Ke5 43. c5 Kf4 44. Kd5 Kxf3 45. c6 Kxg4 46. c7
Kg3 47. c8=Q g4 48. Ke6 Kh2 49. Qc2+ Kh3 50. Qh7+ Kg2 51. Kf5 g3 52. Kf4 Kf2
53. Qh4 1-0

[Event "11open de NOEL "]
[Site "Charleville 08 Ardennes"]
[Date "????.??.??"]
[Round "5.8"]
[White "Melin, Georges"]
[Black "Le Deuff, Frederic"]
[Result "1-0"]
[WhiteElo "1691"]
[BlackElo "1760"]
[PlyCount "95"]

1. Nf3 Nf6 2. b3 d6 3. d4 Nbd7 4. Bb2 c6 5. c4 Ne4 6. b4 Qb6 7. a3 e5 8. e3 Qc7
9. Bd3 Nef6 10. dxe5 dxe5 11. Nbd2 Be7 12. O-O O-O 13. Qc2 Re8 14. Ng5 Nf8 15.
Nge4 Ng6 16. Nxf6+ Bxf6 17. Ne4 Bd8 18. c5 Be7 19. Rad1 Rf8 20. Nd6 Be6 21.
Bxg6 fxg6 22. Bxe5 Bf6 23. Bxf6 gxf6 24. Rd4 Rad8 25. Rfd1 Rd7 26. Qc3 Kg7 27.
Rf4 Qd8 28. h4 Kg8 29. Rfd4 Qe7 30. Qd3 Rdd8 31. Ne4 Bd5 32. Nc3 f5 33. Nxd5
cxd5 34. Rxd5 Rb8 35. Rd7 Qxh4 36. Qd5+ Kh8 37. Qe5+ Qf6 38. Qxf6+ Rxf6 39.
Rd8+ Rxd8 40. Rxd8+ Kg7 41. Rd7+ Rf7 42. Rxf7+ Kxf7 43. Kf1 Ke6 44. Ke2 a6 45.
a4 Ke5 46. Kd3 g5 47. b5 Kd5 48. c6 1-0

[Event "11open de NOEL "]
[Site "Charleville 08 Ardennes"]
[Date "????.??.??"]
[Round "5.9"]
[White "Gerardin, David"]
[Black "Roule, Nicolas"]
[Result "1-0"]
[WhiteElo "1758"]
[BlackElo "1628"]
[PlyCount "41"]

1. e4 c6 2. d4 d5 3. exd5 cxd5 4. c4 e6 5. Nf3 Nf6 6. a3 Be7 7. Nc3 O-O 8. Bf4
dxc4 9. Bxc4 Nc6 10. O-O b6 11. d5 exd5 12. Nxd5 Nh5 13. Bc7 Qd7 14. Nxe7+ Qxe7
15. Bd6 Qf6 16. Bxf8 Kxf8 17. Qd5 Nf4 18. Qg5 Nh3+ 19. gxh3 Qxf3 20. Bd5 Qxh3
21. Bxc6 1-0

[Event "11open de NOEL "]
[Site "Charleville 08 Ardennes"]
[Date "????.??.??"]
[Round "5.10"]
[White "Sogny, Richard"]
[Black "Prioux, Michel"]
[Result "0-1"]
[WhiteElo "1560"]
[BlackElo "1730"]
[PlyCount "78"]

1. d4 Nf6 2. Nf3 e6 3. c4 Bb4+ 4. Nc3 O-O 5. Qc2 b6 6. Bg5 h6 7. Bh4 Bb7 8. Nd2
Be7 9. e4 d6 10. Be2 c5 11. d5 exd5 12. exd5 Nbd7 13. O-O a6 14. a4 Ne5 15. f4
Ned7 16. g4 Nxd5 17. cxd5 Bxh4 18. Rf3 Bf6 19. Rh3 Bd4+ 20. Kf1 Qf6 21. f5 Bxc3
22. Ne4 Qe5 23. Nxc3 Qf4+ 24. Bf3 Nf6 25. Kg2 Rfe8 26. Rf1 Nxg4 27. Bxg4 Qxg4+
28. Rg3 Qc4 29. Qd2 Re5 30. Qxh6 Bxd5+ 31. Nxd5 Qxd5+ 32. Kh3 g6 33. Rfg1 Rxf5
34. Rxg6+ fxg6 35. Rxg6+ Kf7 36. Qh7+ Ke8 37. Rg8+ Rf8 38. Qg6+ Kd7 39. Rg7+
Kc6 0-1

[Event "11open de NOEL "]
[Site "Charleville 08 Ardennes"]
[Date "????.??.??"]
[Round "5.11"]
[White "Flamant, Jacky"]
[Black "Regnier, Cedric"]
[Result "1-0"]
[WhiteElo "1702"]
[BlackElo "1596"]
[PlyCount "43"]

1. e4 c6 2. d4 d5 3. e5 Bf5 4. Nf3 e6 5. Be2 Bb4+ 6. c3 Ba5 7. O-O Nd7 8. Nbd2
Bc7 9. Nb3 Qe7 10. Bg5 f6 11. exf6 gxf6 12. Bh4 Nh6 13. Re1 O-O-O 14. Bd3 Bxd3
15. Qxd3 Nf5 16. Qxf5 Qg7 17. Rxe6 Rhg8 18. g3 Rdf8 19. Rae1 Bd8 20. Nc5 Kb8
21. Rxc6 Nb6 22. Rxb6 1-0

[Event "11open de NOEL "]
[Site "Charleville 08 Ardennes"]
[Date "????.??.??"]
[Round "5.12"]
[White "Pierquin, Adrien"]
[Black "Louis, Andre"]
[Result "0-1"]
[WhiteElo "1401"]
[BlackElo "1682"]
[PlyCount "52"]

1. c4 c5 2. g3 g6 3. Bg2 Bg7 4. e3 Nc6 5. Ne2 d6 6. O-O Nf6 7. Nbc3 O-O 8. a3
Rb8 9. d4 cxd4 10. exd4 Bf5 11. Bf4 Nh5 12. Be3 Nf6 13. d5 Ne5 14. Bxa7 Ra8 15.
Bd4 Nxc4 16. Qb3 Nd2 17. Qxb7 Nxf1 18. Kxf1 Rb8 19. Qa6 Rxb2 20. Ne4 Bxe4 21.
Bxb2 Bxg2+ 22. Kxg2 Nxd5 23. Rb1 Qa8 24. Qd3 Nc3+ 25. Kg1 Nxb1 26. Qxb1 Rb8 0-1

[Event "11open de NOEL "]
[Site "Charleville 08 Ardennes"]
[Date "????.??.??"]
[Round "5.13"]
[White "Recloux, Georges"]
[Black "Pierquin, Jean-Bernard"]
[Result "1-0"]
[WhiteElo "1534"]
[BlackElo "1399"]
[PlyCount "28"]

1. e4 c6 2. d4 d5 3. exd5 cxd5 4. c4 Nf6 5. Nc3 e6 6. Nf3 Nc6 7. c5 Be7 8. Bg5
b6 9. Ne5 Nxe5 10. dxe5 Nd7 11. Bxe7 Qxe7 12. cxb6 Nxb6 13. Qd4 f6 14. Bb5+ Nd7
{suite illisible} 1-0

[Event "11open de NOEL "]
[Site "Charleville 08 Ardennes"]
[Date "????.??.??"]
[Round "5.14"]
[White "Calaresu, Tony"]
[Black "Mondeel, Paul"]
[Result "1/2-1/2"]
[WhiteElo "1400"]
[BlackElo "1531"]
[PlyCount "73"]

1. d4 d5 2. e3 Nf6 3. Nf3 e6 4. Nbd2 b6 5. b3 Be7 6. Bb2 O-O 7. Bd3 Ba6 8. c4
Nbd7 9. O-O c6 10. Bb1 Re8 11. Qc2 Nf8 12. Ne5 Rc8 13. f4 Bd6 14. Rf3 h6 15. c5
Bxe5 16. fxe5 N6d7 17. a4 bxc5 18. dxc5 Qe7 19. Bd4 Rb8 20. Ba2 Ng6 21. Re1 (
21. Bb1) 21... Nh4 (21... Ndxe5) 22. Rg3 Nf5 23. Bb1 Nf8 24. Rg4 Nxd4 25. exd4
Rb4 26. Re3 h5 27. Rf4 g5 28. Rf6 (28. Rg3 {la tour F4 est imprenable} g4 29.
Rf6 Reb8 30. Nf1 Rxd4 31. Qc1) 28... Rxd4 29. Ref3 (29. Rg3 Rg4 30. Nf3) 29...
Rf4 30. R3xf4 gxf4 31. Rxf4 Qg5 32. Rf3 Qxe5 33. Rg3+ Kh8 34. Nf3 Qe3+ 35. Qf2
Qxf2+ 36. Kxf2 Nd7 37. Ng5 1/2-1/2